| 000 | 00560nam a2200205Ia 4500 | ||
|---|---|---|---|
| 003 | OSt | ||
| 005 | 20230411120356.0 | ||
| 008 | 210423s2008 xx 000 0 und d | ||
| 020 | _a81852386501 | ||
| 040 | _cAL | ||
| 041 | _aeng | ||
| 082 |
_a615.4 _223 _bWORL |
||
| 100 |
_aWORLD HEALTH ORGANIZATION. _963778 |
||
| 245 | _aBasic tests for pharmaceutical dosage forms. | ||
| 260 |
_aNew Delhi _bA I T B S Publications _c2008 |
||
| 300 |
_a129 _bPB |
||
| 365 |
_b120 _cINR |
||
| 906 | _aBasic ; dosage ; forms. ; pharmaceutical ; tests | ||
| 942 |
_2ddc _cBK |
||
| 999 |
_c154147 _d154147 |
||